Reglamentos relativos a la ley del Sistema Nacional de Planificación

Guardat en:
Dades bibliogràfiques
Autor corporatiu: Costa Rica. Oficina de Planificación Nacional y Política Económica
Format: Text
Publicat: San José: OFIPLAN
Etiquetes: Afegir etiqueta
Sense etiquetes, Sigues el primer a etiquetar aquest registre!

MARC

LEADER 00000 a a2200000 04500
001 16341
003
040
090 |a 013300  
110 |a Costa Rica. Oficina de Planificación Nacional y Política Económica  
245 |a Reglamentos relativos a la ley del Sistema Nacional de Planificación  
260 |a San José:   |b OFIPLAN  
300 |a 104 p.  
999 |c 6132  |d 6132